Komparácia vybraných daní krajín V4 a dopady hospodárskej krízy

Analýza a zhodnotenie vplyvu hospodárskej krízy na vybrané daňové indikátory v krajinách V4.

Guardado en:
Detalles Bibliográficos
Autor principal: Korečko, Jaroslav
Otros Autores: Nitschová, Lucie
Formato: Capítulo de libro
Lenguaje:eslovaco
Materias:
Etiquetas: Agregar Etiqueta
Sin Etiquetas, Sea el primero en etiquetar este registro!

MARC

LEADER 00000nla a2200000 4500
001 0227667
005 20240417075111.8
041 0 |a slo 
044 |a SK 
245 1 0 |a Komparácia vybraných daní krajín V4 a dopady hospodárskej krízy  |c Jaroslav Korečko, Lucie Nitschová 
520 |a Analýza a zhodnotenie vplyvu hospodárskej krízy na vybrané daňové indikátory v krajinách V4. 
610 2 0 |a kríza hospodárska 
610 2 0 |a analýza komparatívna 
610 2 0 |a Vyšehradská štvorka 
610 2 0 |a dane 
100 1 |a Korečko, Jaroslav 
700 1 |a Nitschová, Lucie